<?xml version="1.0" encoding="UTF-8"?>
<record
    xmlns:xsi="http://www.w3.org/2001/XMLSchema-instance"
    xsi:schemaLocation="http://www.loc.gov/MARC21/slim http://www.loc.gov/standards/marcxml/schema/MARC21slim.xsd"
    xmlns="http://www.loc.gov/MARC21/slim">

  <leader>01441nam0a22003251  4500</leader>
  <controlfield tag="001">rc\78643</controlfield>
  <controlfield tag="005">20250620172601.0</controlfield>
  <datafield tag="010" ind1=" " ind2=" ">
    <subfield code="a">5-250-01718-5</subfield>
    <subfield code="9">200000</subfield>
  </datafield>
  <datafield tag="035" ind1=" " ind2=" ">
    <subfield code="a">(NLR Aleph) 005349005</subfield>
  </datafield>
  <datafield tag="090" ind1=" " ind2=" ">
    <subfield code="a">6776123</subfield>
    <subfield code="c">6776123</subfield>
  </datafield>
  <datafield tag="100" ind1=" " ind2=" ">
    <subfield code="a">20021216d1991    |||y0rusy50      ca</subfield>
  </datafield>
  <datafield tag="101" ind1="0" ind2=" ">
    <subfield code="a">rus</subfield>
  </datafield>
  <datafield tag="102" ind1=" " ind2=" ">
    <subfield code="a">RU</subfield>
  </datafield>
  <datafield tag="105" ind1=" " ind2=" ">
    <subfield code="a">y   |||||||||</subfield>
  </datafield>
  <datafield tag="200" ind1="1" ind2=" ">
    <subfield code="a">&#x41E;&#x440;&#x434;&#x435;&#x440; &#x43D;&#x430; &#x443;&#x431;&#x438;&#x439;&#x441;&#x442;&#x432;&#x43E;</subfield>
    <subfield code="e">&#x421;&#x431;. &#x43D;&#x430;&#x443;&#x447;.-&#x444;&#x430;&#x43D;&#x442;&#x430;&#x441;&#x442;. &#x440;&#x430;&#x441;&#x441;&#x43A;&#x430;&#x437;&#x43E;&#x432;</subfield>
    <subfield code="e">[&#x41F;&#x435;&#x440;. &#x441; &#x430;&#x43D;&#x433;&#x43B;.]</subfield>
    <subfield code="f">&#x420;&#x43E;&#x431;&#x435;&#x440;&#x442; &#x428;&#x435;&#x43A;&#x43B;&#x438;</subfield>
  </datafield>
  <datafield tag="210" ind1=" " ind2=" ">
    <subfield code="a">&#x41C;.</subfield>
    <subfield code="c">&#x41F;&#x43E;&#x43B;&#x438;&#x442;&#x438;&#x437;&#x434;&#x430;&#x442;</subfield>
    <subfield code="d">1991</subfield>
  </datafield>
  <datafield tag="215" ind1=" " ind2=" ">
    <subfield code="a">95, [1] &#x441;.</subfield>
    <subfield code="d">20</subfield>
  </datafield>
  <datafield tag="327" ind1="1" ind2=" ">
    <subfield code="a">&#x421;&#x43E;&#x434;&#x435;&#x440;&#x436;.: &#x41E;&#x440;&#x434;&#x435;&#x440; &#x43D;&#x430; &#x443;&#x431;&#x438;&#x439;&#x441;&#x442;&#x432;&#x43E;; &#x41A;&#x43E;&#x435;-&#x447;&#x442;&#x43E; &#x437;&#x430;&#x434;&#x430;&#x440;&#x43E;&#x43C;; &#x41F;&#x440;&#x438;&#x437;&#x440;&#x430;&#x43A;-5; "&#x41E;&#x441;&#x43E;&#x431;&#x44B;&#x439; &#x441;&#x442;&#x430;&#x440;&#x430;&#x442;&#x435;&#x43B;&#x44C;&#x441;&#x43A;&#x438;&#x439;"; &#x411;&#x438;&#x442;&#x432;&#x430;; &#x41F;&#x430;&#x43B;&#x43E;&#x43C;&#x43D;&#x438;&#x447;&#x435;&#x441;&#x442;&#x432;&#x43E; &#x43D;&#x430; &#x417;&#x435;&#x43C;&#x43B;&#x44E;</subfield>
  </datafield>
  <datafield tag="464" ind1=" " ind2="0">
    <subfield code="1">2001#$a&#x41E;&#x440;&#x434;&#x435;&#x440; &#x43D;&#x430; &#x443;&#x431;&#x438;&#x439;&#x441;&#x442;&#x432;&#x43E;</subfield>
    <subfield code="t">&#x41E;&#x440;&#x434;&#x435;&#x440; &#x43D;&#x430; &#x443;&#x431;&#x438;&#x439;&#x441;&#x442;&#x432;&#x43E;</subfield>
  </datafield>
  <datafield tag="464" ind1=" " ind2="0">
    <subfield code="1">2001#$a&#x41A;&#x43E;&#x435;-&#x447;&#x442;&#x43E; &#x437;&#x430;&#x434;&#x430;&#x440;&#x43E;&#x43C;</subfield>
    <subfield code="t">&#x41A;&#x43E;&#x435;-&#x447;&#x442;&#x43E; &#x437;&#x430;&#x434;&#x430;&#x440;&#x43E;&#x43C;</subfield>
  </datafield>
  <datafield tag="464" ind1=" " ind2="0">
    <subfield code="1">2001#$a&#x41F;&#x440;&#x438;&#x437;&#x440;&#x430;&#x43A;-5</subfield>
    <subfield code="t">&#x41F;&#x440;&#x438;&#x437;&#x440;&#x430;&#x43A;-5</subfield>
  </datafield>
  <datafield tag="464" ind1=" " ind2="0">
    <subfield code="1">2001#$a&#x88;"&#x89;&#x41E;&#x441;&#x43E;&#x431;&#x44B;&#x439; &#x441;&#x442;&#x430;&#x440;&#x430;&#x442;&#x435;&#x43B;&#x44C;&#x441;&#x43A;&#x438;&#x439;"</subfield>
    <subfield code="t">&#x88;"&#x89;&#x41E;&#x441;&#x43E;&#x431;&#x44B;&#x439; &#x441;&#x442;&#x430;&#x440;&#x430;&#x442;&#x435;&#x43B;&#x44C;&#x441;&#x43A;&#x438;&#x439;"</subfield>
  </datafield>
  <datafield tag="464" ind1=" " ind2="0">
    <subfield code="1">2001#$a&#x411;&#x438;&#x442;&#x432;&#x430;</subfield>
    <subfield code="t">&#x411;&#x438;&#x442;&#x432;&#x430;</subfield>
  </datafield>
  <datafield tag="464" ind1=" " ind2="0">
    <subfield code="1">2001#$a&#x41F;&#x430;&#x43B;&#x43E;&#x43C;&#x43D;&#x438;&#x447;&#x435;&#x441;&#x442;&#x432;&#x43E; &#x43D;&#x430; &#x417;&#x435;&#x43C;&#x43B;&#x44E;</subfield>
    <subfield code="t">&#x41F;&#x430;&#x43B;&#x43E;&#x43C;&#x43D;&#x438;&#x447;&#x435;&#x441;&#x442;&#x432;&#x43E; &#x43D;&#x430; &#x417;&#x435;&#x43C;&#x43B;&#x44E;</subfield>
  </datafield>
  <datafield tag="700" ind1=" " ind2="1">
    <subfield code="a">&#x428;&#x435;&#x43A;&#x43B;&#x438;</subfield>
    <subfield code="b">&#x420;.</subfield>
    <subfield code="f">1928-</subfield>
    <subfield code="g">&#x420;&#x43E;&#x431;&#x435;&#x440;&#x442;</subfield>
  </datafield>
  <datafield tag="801" ind1=" " ind2="0">
    <subfield code="a">RU</subfield>
    <subfield code="b">NLR</subfield>
    <subfield code="g">psbo</subfield>
  </datafield>
  <datafield tag="801" ind1=" " ind2="1">
    <subfield code="a">RU</subfield>
    <subfield code="b">ELAR</subfield>
    <subfield code="2">rusmarc</subfield>
  </datafield>
  <datafield tag="852" ind1=" " ind2=" ">
    <subfield code="a">NLR</subfield>
    <subfield code="j">91-4/3870</subfield>
  </datafield>
  <datafield tag="942" ind1=" " ind2=" ">
    <subfield code="c">BOOK</subfield>
  </datafield>
  <datafield tag="980" ind1=" " ind2=" ">
    <subfield code="a">NB</subfield>
  </datafield>
  <datafield tag="995" ind1=" " ind2=" ">
    <subfield code="5">2013-10-26</subfield>
    <subfield code="b">NLR01</subfield>
    <subfield code="c">NLR01</subfield>
    <subfield code="e">RF9</subfield>
    <subfield code="f">5349005-10</subfield>
    <subfield code="k">91-4/3870</subfield>
    <subfield code="o">0</subfield>
    <subfield code="r">BOOK</subfield>
    <subfield code="s">9143870_</subfield>
  </datafield>
</record>
